<?xml version="1.0" encoding="UTF-8"?>
<record
    xmlns:xsi="http://www.w3.org/2001/XMLSchema-instance"
    xsi:schemaLocation="http://www.loc.gov/MARC21/slim http://www.loc.gov/standards/marcxml/schema/MARC21slim.xsd"
    xmlns="http://www.loc.gov/MARC21/slim">

  <leader>01067    a2200217   4500</leader>
  <controlfield tag="005">20080912102528.0</controlfield>
  <controlfield tag="008">080912t        xxu||||| |||| 00| 0 hin d</controlfield>
  <datafield tag="010" ind1=" " ind2=" ">
    <subfield code="a">HIN-79772</subfield>
  </datafield>
  <datafield tag="020" ind1=" " ind2=" ">
    <subfield code="a">818674763x</subfield>
    <subfield code="c">200.00</subfield>
  </datafield>
  <datafield tag="035" ind1=" " ind2=" ">
    <subfield code="a">HN-52118</subfield>
  </datafield>
  <datafield tag="037" ind1=" " ind2=" ">
    <subfield code="b">D.B.Act / pub</subfield>
  </datafield>
  <datafield tag="082" ind1=" " ind2=" ">
    <subfield code="a">821.08</subfield>
  </datafield>
  <datafield tag="100" ind1=" " ind2=" ">
    <subfield code="a">&#x92E;&#x94B;&#x939;&#x928;</subfield>
  </datafield>
  <datafield tag="245" ind1=" " ind2=" ">
    <subfield code="a">&#x938;&#x92E;&#x915;&#x93E;&#x932;&#x940;&#x928; &#x915;&#x935;&#x93F;&#x924;&#x93E; &#x915;&#x940; &#x92D;&#x942;&#x92E;&#x93F;&#x915;&#x93E;</subfield>
    <subfield code="c">&#x92E;&#x94B;&#x939;&#x928;</subfield>
  </datafield>
  <datafield tag="246" ind1=" " ind2=" ">
    <subfield code="b">by Mohan</subfield>
    <subfield code="a">Samkaleen Kavita ki Bhumika</subfield>
  </datafield>
  <datafield tag="260" ind1=" " ind2=" ">
    <subfield code="a">&#x926;&#x93F;&#x932;&#x94D;&#x932;&#x940;</subfield>
    <subfield code="b">&#x905;&#x928;&#x902;&#x917; &#x92A;&#x94D;&#x930;&#x915;&#x93E;&#x936;&#x928;</subfield>
    <subfield code="c">2005</subfield>
  </datafield>
  <datafield tag="270" ind1=" " ind2=" ">
    <subfield code="a">&#x92C;&#x940;-107/1,&#x917;&#x932;&#x940; &#x92E;&#x902;&#x926;&#x93F;&#x930; &#x935;&#x93E;&#x932;&#x940;,&#x909;&#x924;&#x94D;&#x924;&#x930;&#x940; &#x918;&#x94B;&#x921;&#x93C;&#x93E;(&#x938;&#x92E;&#x940;&#x92A; &#x930;&#x92C;&#x921;&#x93C; &#x92B;&#x948;&#x915;&#x94D;&#x91F;&#x94D;&#x930;&#x940;)</subfield>
    <subfield code="b">&#x926;&#x93F;&#x932;&#x94D;&#x932;&#x940;</subfield>
    <subfield code="e">110053</subfield>
    <subfield code="k">011-22199683</subfield>
  </datafield>
  <datafield tag="300" ind1=" " ind2=" ">
    <subfield code="a">134&#x92A;&#x943;</subfield>
    <subfield code="c">22 &#x938;&#x947;&#x92E;&#x940; (&#x938;&#x91C;&#x93F;&#x932;&#x94D;&#x926;)</subfield>
  </datafield>
  <datafield tag="942" ind1=" " ind2=" ">
    <subfield code="a">dpl</subfield>
    <subfield code="c">HN</subfield>
    <subfield code="k">821.08 / &#x92E;&#x94B;&#x939;&#x928;</subfield>
    <subfield code="2">ddc</subfield>
    <subfield code="h">821.08</subfield>
    <subfield code="m">&#x92E;&#x94B;&#x939;&#x928;</subfield>
  </datafield>
  <datafield tag="999" ind1=" " ind2=" ">
    <subfield code="c">3664</subfield>
    <subfield code="d">3664</subfield>
  </datafield>
  <datafield tag="952" ind1=" " ind2=" ">
    <subfield code="0">0</subfield>
    <subfield code="1">0</subfield>
    <subfield code="4">0</subfield>
    <subfield code="7">0</subfield>
    <subfield code="a">DBAD</subfield>
    <subfield code="b">DBAD</subfield>
    <subfield code="d">2008-09-12</subfield>
    <subfield code="g">200.00</subfield>
    <subfield code="l">0</subfield>
    <subfield code="o">821.08 &#xE0;&#xA4;&#xAE;&#xE0;&#xA5;&#x8B;&#xE0;&#xA4;&#xB9;&#xE0;&#xA4;&#xA8;</subfield>
    <subfield code="p">HN-52118</subfield>
    <subfield code="r">2008-09-15 00:00:00</subfield>
    <subfield code="t">1</subfield>
    <subfield code="u">3900</subfield>
    <subfield code="v">200.00</subfield>
    <subfield code="w">2008-09-15</subfield>
    <subfield code="y">HN</subfield>
  </datafield>
</record>
